BSOP header

Chinese politics and Christian missions : (Record no. 18497)

MARC details
000 -LEADER
fixed length control field 00965nam a2200229 4500
008 - FIXED-LENGTH DATA ELEMENTS--GENERAL INFORMATION
fixed length control field 040105s1988 inu b 001 0 eng
020 ## - INTERNATIONAL STANDARD BOOK NUMBER
International Standard Book Number 0940121050 :Php275.00
090 ## - LOCALLY ASSIGNED LC-TYPE CALL NUMBER (OCLC); LOCAL CALL NUMBER (OCLC)
Classification number (OCLC) (R) ; Classification number, CALL (RLIN) (NR) BR1288
Local cutter number (OCLC) ; Book number/undivided call number, CALL (RLIN) L97c
100 1# - MAIN ENTRY--PERSONAL NAME
Personal name Lutz, Jessie Gregory,
Dates associated with a name 1925-
245 10 - TITLE STATEMENT
Title Chinese politics and Christian missions :
Remainder of title the anti-Christian movements of 1920-28 /
Statement of responsibility, etc Jessie Gregory Lutz.
260 ## - PUBLICATION, DISTRIBUTION, ETC. (IMPRINT)
Place of publication, distribution, etc Notre Dame, Ind., U.S.A. :
Name of publisher, distributor, etc Cross Cultural Publications, Cross Roads Books,
Date of publication, distribution, etc c1988.
300 ## - PHYSICAL DESCRIPTION
Extent 410 p. ;
Dimensions 24 cm.
490 1# - SERIES STATEMENT
Series statement The Church and the world ;
Volume number/sequential designation v. 3
490 1# - SERIES STATEMENT
Series statement The West and the wider world ;
Volume number/sequential designation v. 2
500 ## - GENERAL NOTE
General note Includes index.
504 ## - BIBLIOGRAPHY, ETC. NOTE
Bibliography, etc Bibliography: p. [357]-372.
650 #4 - SUBJECT ADDED ENTRY--TOPICAL TERM
Topical term or geographic name as entry element Christianity
Geographic subdivision China.
650 #4 - SUBJECT ADDED ENTRY--TOPICAL TERM
Topical term or geographic name as entry element Nationalism
Geographic subdivision China
General subdivision History
Chronological subdivision 20th century.
650 #4 - SUBJECT ADDED ENTRY--TOPICAL TERM
Topical term or geographic name as entry element Students
Geographic subdivision China
General subdivision Political activity
-- History
Chronological subdivision 20th century.
651 #4 - SUBJECT ADDED ENTRY--GEOGRAPHIC NAME
Geographic name China
General subdivision Politics and government
Chronological subdivision 1912-1928.
951 ## - EQUIVALENCE OR CROSS-REFERENCE-GEOGRAPHIC NAME/AREA NAME [OBSOLETE] [CAN/MARC only]
General subdivision 00028839
951 ## - EQUIVALENCE OR CROSS-REFERENCE-GEOGRAPHIC NAME/AREA NAME [OBSOLETE] [CAN/MARC only]
-- 26800
-- BR1288/L97c
-- 070613111329578
-- 2000-12-21
-- SP-C
Holdings
Withdrawn status Lost status Damaged status Not for loan Home library Current library Shelving location Date acquired Accession number Shelving control number Total Checkouts Full call number Barcode Date last seen Price effective from Koha item type
        BSOP Library BSOP Library Special Collections English 12/21/2000 26800 127   BR1288/L97c 00028839 02/23/2013 02/23/2013 Books
BSOP

Biblical Seminary of the Philippines
  All rights Reserved
  © 2024

CONTACT INFORMATION

Biblical Seminary of the Philippines,
  77-B Karuhatan Road, Valenzuela City,
  PHILIPPINES 1441
  Phone: +632 8292-6795 / 8292-6798
  Fax : +632 8292-6675
  Email: library@bsop.edu.ph